| 000 | 00874cam a22002653a 4500 | ||
|---|---|---|---|
| 001 | 4289 | ||
| 003 | PGUSA | ||
| 005 | 20140828083051.0 | ||
| 008 | 030701s2003||||xxu|||||s|||||000 | eng d | ||
| 040 |
_aPGUSA _beng |
||
| 042 | _adc | ||
| 050 | 4 | _aDC | |
| 100 | 1 |
_aImbert de-Amand _cSaint, _d1834-1900 |
|
| 245 | 1 | 4 |
_aThe Duchess of Berry and the Court of Charles X _h[electronic resource] / _cImbert de-Amand |
| 260 |
_bProject Gutenberg, _c2003 |
||
| 506 | _aPublic domain in the USA. | ||
| 516 | _aElectronic text | ||
| 653 | _aBerry, Marie-Caroline de Bourbon-Sicile, duchesse de, 1798-1870 | ||
| 653 | _aFrance -- History -- Charles X, 1824-1830 | ||
| 653 | _aCharles X, King of France, 1757-1836 | ||
| 653 | _aFrance -- History -- Restoration, 1814-1830 | ||
| 830 | 0 |
_aProject Gutenberg _v4289 |
|
| 856 | 4 | 0 | _uhttp://www.gutenberg.org/ebooks/4289 |
| 942 | _cEB | ||
| 999 |
_c233618 _d233618 |
||